000 01082pam a2200337 a 4500
001 014056945
003 Uk
005 20150408113918.0
008 070924s2009 enka b 001 0 eng d
015 _aGBA781387
_2bnb
020 _a9780335223503 (hbk.) :
_c£60.00
020 _a0335223508 (hbk.) :
_c£60.00
020 _a9780335223510 (pbk.) :
_c£19.99
020 _a0335223516 (pbk.) :
_c£19.99
040 _aStDuBDS
_beng
_cStDuBDS
_dUk
042 _aukblcatcopy
082 0 4 _a370
_222
_bMLE
100 1 _aMurphy, Lisa.
_94133
245 1 0 _aEducation studies :
_ban introduction /
_cLisa Murphy, Emmanuel Mufti and Derek Kassem.
260 _aMaidenhead :
_bOpen University Press,
_c2009.
300 _a201 p. :
_bill. ;
_c25 cm.
500 _aFormerly CIP.
_5Uk
504 _aIncludes bibliographical references (p. [177]-195) and index.
650 0 _aEducation.
_94054
650 0 _aLearning.
_94166
650 0 _aTeaching.
700 1 _aMufti, Emmanuel.
_94136
700 1 _aKassem, Derek.
_94137
942 _2ddc
_cDVD
999 _c14303
_d248803